New guidance on safe surveying (Record no. 69715)

MARC details
000 -LEADER
fixed length control field 00972cam a2200217 4500
001 - CONTROL NUMBER
control field WB3809-11
008 - FIXED-LENGTH DATA ELEMENTS--GENERAL INFORMATION
fixed length control field 020306n2002 000 0 eng u
035 ## - SYSTEM CONTROL NUMBER
System control number (Sirsi) u117025
245 ## - TITLE STATEMENT
Title New guidance on safe surveying
260 ## - PUBLICATION, DISTRIBUTION, ETC.
Date of publication, distribution, etc. 2002
490 ## - SERIES STATEMENT
Series statement CSM (Chartered Surveyor Monthly)
Volume/sequential designation March 2002, 9(1)
520 ## - SUMMARY, ETC.
Summary, etc. On 26 February at the Construction Faculty dinner, RICS launched new guidance entitled "Surveying safely: a commitment to personal safety". The Construction Faculty is funding the publication and distribution of "Surveying safely" to 10 000 practices in the UK along with "Safety on site (SOS)" an Owlion CD aimed at surveyors across the profession. The booklet can be downloaded from the RICS website at http://www.rics.org
590 ## - LOCAL NOTE (RLIN)
Local note WB
650 ## - SUBJECT ADDED ENTRY--TOPICAL TERM
Topical term or geographic name entry element CONSTRUCTION INDUSTRY
650 ## - SUBJECT ADDED ENTRY--TOPICAL TERM
Topical term or geographic name entry element SITE SAFETY
650 ## - SUBJECT ADDED ENTRY--TOPICAL TERM
Topical term or geographic name entry element SURVEYING SAFELY
650 ## - SUBJECT ADDED ENTRY--TOPICAL TERM
Topical term or geographic name entry element RICS
650 ## - SUBJECT ADDED ENTRY--TOPICAL TERM
Topical term or geographic name entry element SURVEYING PROFESSION
690 ## - LOCAL SUBJECT ADDED ENTRY--TOPICAL TERM (OCLC, RLIN)
Topical term or geographic name as entry element Health and safety
9 (RLIN) 6244
942 ## - ADDED ENTRY ELEMENTS (KOHA)
Suppress in OPAC 0
Holdings
Withdrawn status Lost status Source of classification or shelving scheme Damaged status Not for loan Home library Current library Shelving location Date acquired Total Checkouts Full call number Barcode Date last seen Copy number Price effective from Koha item type
    Dewey Decimal Classification     London London News article 08/03/2002   WB3809-11 117025-1001 06/08/2019 1 06/08/2019 News article